LEADER 01022nam0-22003371i-450- 001 990005079760403321 005 20090721112115.0 035 $a000507976 035 $aFED01000507976 035 $a(Aleph)000507976FED01 035 $a000507976 100 $a19990604d1970----km-y0itay50------ba 101 0 $aita 102 $aIT 105 $ay-------001yy 200 1 $a<>tecniche audiovisive nell'insegnamento$fHenri Dieuzeide$gtraduzione a cura di Evelina Tarroni 205 $a2. ed. 210 $aRoma$cA. Armando$d1970 215 $a194 p.$d20 cm 225 1 $a<>problemi della didattica$v28 300 $aTit. orig.: Les techniques audio-visuelles dans l'enseignement 676 $a371.33 700 1$aDieuzeide,$bHenri$0186020 702 1$aTarroni,$bEvelina 801 0$aIT$bUNINA$gRICA$2UNIMARC 901 $aBK 912 $a990005079760403321 952 $a371.33 DIE 1$bFil. Mod. 23267$fFLFBC 959 $aFLFBC 996 $aTecniche audiovisive nell'insegnamento$9273170 997 $aUNINA LEADER 00800nam0-2200277 --450 001 9910594289703321 005 20221014105522.0 100 $a20221014d1958----kmuy0itay5050 ba 101 0 $ager 102 $aDE 105 $a 001yy 200 1 $aArbeitsrecht$eSammlung arbeitsrechtlicher Vorschriften$fW. Siebert, Hilger 205 $a5. Auflage 210 $aHeidelberg$cRecht und Wirtschaft$d1958 215 $apaginazione varia$d21 cm 225 1 $aBucher des Betriebs-Beraters 676 $a331.0943$v23$zita 701 1$aSiebert,$bWolfgang$01260447 702 1$aHilger,$bMarie Luise 801 0$aIT$bUNINA$gREICAT$2UNIMARC 901 $aBK 912 $a9910594289703321 952 $aCollezione 200$b55515$fFGBC 959 $aFGBC 996 $aArbeitsrecht$92921020 997 $aUNINA